000 00339nas a2200145 a 4500
001 69474
003 143347
005 20201118110647.0
008 ||||||n9999 ||| || ||
245 0 _aEdiciones Laborales - No.308,309,311,315-318
260 _c1988.
562 _e0
773 _069471
_aEdiciones Laborales
942 _cSISS
999 _c69474
_d69474